Sons and lovers/ (Record no. 11663)

MARC details
000 -LEADER
fixed length control field 00507nam a22001937a 4500
005 - DATE AND TIME OF LATEST TRANSACTION
control field 20230927125401.0
008 - FIXED-LENGTH DATA ELEMENTS--GENERAL INFORMATION
fixed length control field 230927b ||||| |||| 00| 0 eng d
020 ## - INTERNATIONAL STANDARD BOOK NUMBER
International Standard Book Number 9788186423608
040 ## - CATALOGING SOURCE
Original cataloging agency IN-DiNC
Transcribing agency IN-DiNC
041 ## - LANGUAGE CODE
Language code of sung or spoken text English
082 ## - DEWEY DECIMAL CLASSIFICATION NUMBER
Classification number 823
Item number LAW
100 ## - MAIN ENTRY--PERSONAL NAME
Personal name Lawrence, D H
Relator term Author
245 ## - TITLE STATEMENT
Title Sons and lovers/
Statement of responsibility, etc. by D H Lawrence
260 ## - PUBLICATION, DISTRIBUTION, ETC.
Place of publication, distribution, etc. Delhi:
Name of publisher, distributor, etc. Worldview publications,
Date of publication, distribution, etc. 2017.
300 ## - PHYSICAL DESCRIPTION
Extent xxvi, 513p.
650 ## - SUBJECT ADDED ENTRY--TOPICAL TERM
Topical term or geographic name entry element English novel
700 ## - ADDED ENTRY--PERSONAL NAME
Personal name Celly, Ashok
Relator term Editor
942 ## - ADDED ENTRY ELEMENTS (KOHA)
Source of classification or shelving scheme Dewey Decimal Classification
Koha item type Books
Holdings
Withdrawn status Lost status Source of classification or shelving scheme Damaged status Not for loan Collection code Home library Current library Shelving location Date acquired Cost, normal purchase price Total Checkouts Full call number Barcode Date last seen Copy number Price effective from Koha item type
    Dewey Decimal Classification     English Naharkatiya College Library Naharkatiya College Library General Stacks 27/09/2023 295.00   823 LAW 29500 27/09/2023 1 27/09/2023 Books
    Dewey Decimal Classification     English Naharkatiya College Library Naharkatiya College Library General Stacks 27/09/2023 295.00   823 LAW 29501 27/09/2023 2 27/09/2023 Books
    Dewey Decimal Classification     English Naharkatiya College Library Naharkatiya College Library General Stacks 27/09/2023 295.00   823 LAW 29502 27/09/2023 3 27/09/2023 Books

Naharkatiya College © 2020. All rights reserved.

Powered By